| 000 | 00360nam a2200157Ia 4500 | ||
|---|---|---|---|
| 008 | 210210b1934 xxu||||| |||| 00| 0 eng d | ||
| 041 | _aeng | ||
| 082 | _a828/676 | ||
| 100 | _aWHARTON (Edith) | ||
| 245 | _aBackward glance | ||
| 260 |
_aNew York _bNot Mentioned _c1934 |
||
| 650 | _aglance | ||
| 650 | _aBackward | ||
| 690 | _aBiography | ||
| 906 | _a016521 | ||
| 999 |
_c136074 _d136074 |
||